Skip to content
VuFind
All Fields
Title
Author
Subject
Call Number
ISBN/ISSN
Tag
Find
Advanced
Ali baba
Cite this
Print
Export Record
Export to RefWorks
Export to EndNoteWeb
Export to EndNote
Export to MARC
Ali baba
Bibliographic Details
Format:
Book
Holdings
Description
Similar Items
Staff View
MARC
LEADER
00000cam a2200000 7i4500
001
0000009972
002
000010865
005
20000330.0
020
|a
185964032X
090
0
0
|a
JF
|b
ALI
245
1
0
|a
Ali baba
999
|a
048518
|b
BUKU
|c
PINJAMAN
|e
PERPUSTAKAAN KOMUNITI PETALING JAYA
Similar Items
Ali Baba [
Published: (2003)
Aladdin, Ali Baba
Published: (1995)
Ali Baba and the forty thieves
by: Daynes, Katie
Published: (2003)
Ali Baba and the forty thieves
Published: (2007)
Ali Baba and the forty thieves
by: Hou, Magdalene
Published: (1994)